000 00598nam a2200217Ia 4500
005 20250508161101.0
008 008 250505s9999 xx 000 0 eng d
037 _aTextual
040 _aFEDL
_beng
_cFEDL
041 _aeng
_2eng
084 _a374, SHA
_qFEDL
100 _aShah A. B. Ed.
245 0 _aNon-formal education and the NAEP
260 _aDelhi, India
_bOxford University Press
_c1980
300 _aviii,245p.
365 _aINR
_b85
650 _aAdult education
700 _a Bhan Susheela Ed.
_9770196
942 _cTEXL
_h374, SHA
999 _c1368339
_d1368339